Boroughs of Banská Bystrica - Statistics

General Stats
  • This quiz has been taken 10 times
  • The average score is 9 of 19
Answer Stats
- Borough % Correct
18 335 Fončorda
100%
18 082 Sásová
100%
34 691 Banská Bystrica
75%
657 Jakub
75%
318 Kostiviarska
50%
516 Kremnička
50%
529 Majer
50%
3 318 Podlavice
50%
5 836 Radvaň
50%
589 Rakytovce
50%
1 054 Šalková
50%
2 922 Uhlisko
50%
232 Iliaš
25%
5 401 Kráľová
25%
488 Pršianska Terasa
25%
584 Senica
25%
1 013 Skubín
25%
447 Uľanka
25%
6 118 Rudlová
0%
No matching quizzes found
Score Distribution
Percent of People with Each Score
Percentile by Number Answered
Your Score History
You have not taken this quiz